CHEMISTRY the central science

Saved in:
Bibliographic Details
Main Author: Brown, Theodore L…[etal]
Format: Book
Language:English
Published: Pearson Education 2015
Tags: Add Tag
No Tags, Be the first to tag this record!

MARC

LEADER 00000nam a22000007a 4500
008 201218b ||||| |||| 00| 0 eng d
020 |a : 978-1-292-05771-2 
100 |a Brown, Theodore L…[etal].  
245 |a CHEMISTRY  |b  the central science  |c Theodore L. Brown  |g 1143p.; ill. 
250 |b 13th ed. 
260 |b Pearson Education  |c 2015  |d Books  |h Boston  |i 691162  |i  691163  |l QD31.3 .C41  |m Chemistry – Textbook 
500 |a “It includes index.” 
942 |a lcc  |c BK  |e Adekanye I. H.  |f 18/12/2020 
952 |0 0  |1 0  |2 lcc  |4 0  |6 QD00313 C41  |7 0  |9 973  |a SL  |b SL  |c QZ  |d 2020-12-18  |l 0  |o QD31.3 .C41  |p 2020-230199  |r 2020-12-18 00:00:00  |w 2020-12-18  |y BK 
952 |0 0  |1 0  |2 lcc  |4 0  |6 QD00313 C41  |7 0  |9 974  |a HOL  |b HOL  |c QZ  |d 2020-12-18  |l 0  |o QD31.3 .C41  |p 2020-230200  |r 2020-12-18 00:00:00  |w 2020-12-18  |y BK 
999 |c 500  |d 500